The Indian buddhist iconography : (Record no. 135431)

MARC details
000 -LEADER
fixed length control field 00809nam a22002417a 4500
005 - DATE AND TIME OF LATEST TRANSACTION
control field 20170124110245.0
010 ## - LIBRARY OF CONGRESS CONTROL NUMBER
LC control number 134517
020 ## - INTERNATIONAL STANDARD BOOK NUMBER
Terms of availability 00.00
035 ## - SYSTEM CONTROL NUMBER
System control number 134517
037 ## - SOURCE OF ACQUISITION
Source of stock number/acquisition Cen Lib/Ret
040 ## - CATALOGING SOURCE
Original cataloging agency DPL
Language of cataloging EN
082 ## - DEWEY DECIMAL CLASSIFICATION NUMBER
Classification number 250.1
Item number BHA
100 ## - MAIN ENTRY--PERSONAL NAME
Personal name Bhattacahryya, Benoytosh
9 (RLIN) 97018
245 ## - TITLE STATEMENT
Title The Indian buddhist iconography :
Statement of responsibility, etc by Benoytosh Bhattacahryya
Remainder of title mainly based on the Sādhanamālā and cognate tāntric texts of rituals /
250 ## - EDITION STATEMENT
Edition statement 2nd ed.
260 ## - PUBLICATION, DISTRIBUTION, ETC. (IMPRINT)
Place of publication, distribution, etc Calcutta
Name of publisher, distributor, etc K. L. Mukhopadhyay
Date of publication, distribution, etc 1958
270 ## - ADDRESS
City Calcutta
Address 6/1A, Banchcharam Akrur Lane
Postal code 12
300 ## - PHYSICAL DESCRIPTION
Extent xxxiii, 478p. :
Dimensions 24cm(Hb)
Other physical details ill.
500 ## - GENERAL NOTE
General note Includes index
650 ## - SUBJECT ADDED ENTRY--TOPICAL TERM
Topical term or geographic name as entry element Tantric-Buddhist art -- India.
9 (RLIN) 97019
650 ## - SUBJECT ADDED ENTRY--TOPICAL TERM
Topical term or geographic name as entry element Gautama Buddha -- Art.
9 (RLIN) 107446
942 ## - ADDED ENTRY ELEMENTS (KOHA)
Source of classification or shelving scheme Dewey Decimal Classification
Koha item type English Books
Classification part 250.1
Call number suffix BHA
Holdings
Withdrawn status Lost status Damaged status Not for loan Collection code Home library Current library Date acquired Source of acquisition Cost, normal purchase price Total Checkouts Full call number Barcode Date last seen Copy number Cost, replacement price Price effective from Koha item type
      Not For Loan Reference Central Library Central Library 06/10/2015 Cen Lib/Ret 0.00   250.1 BHA 134517 06/10/2015 1 0.00 06/10/2015 English Books

© Delhi Public Library
Hit Counter
free hit counter